| 000 | 004030000a22001210004500 | ||
|---|---|---|---|
| 090 |
_aAS _bSeriadas |
||
| 245 | 1 | 0 | _aNovedades en Vernonieae (Asteraceae) de Colombia |
| 041 | 0 | _aEspañol | |
| 700 | 1 |
_aObando, Sandra _999783 |
|
| 100 | 1 |
_aDíaz Piedrahita, Santiago _995842 |
|
| 942 | _cARTICULO | ||
| 773 | 1 |
_tRevista de la Academia Colombiana de Ciencias Exactas, Físicas y Naturales _h100 _q347-351 _d2002 _g26 |
|
| 999 |
_c15509 _d15509 |
||